| 000 | 02694nam a2200325Ia 4500 | ||
|---|---|---|---|
| 999 |
_c55017 _d55017 |
||
| 001 | 22091 | ||
| 003 | GE_BSU | ||
| 005 | 20221021173354.0 | ||
| 008 | 181216s ||||ge |||||||||||||| ||geo|| | ||
| 020 | _a978-9941-468-15-5 | ||
| 040 | _cGE_BSU | ||
| 041 | _ageo | ||
| 080 | _a821.14'04-21 ს-72 | ||
| 100 |
_aსოფოკლე _915460 |
||
| 245 |
_aფილოქტეტესი = Φιλοκτήτης : _b[ტრაგედია] / _cსოფოკლე ; ძვ. ბერძნულიდან თარგმნა, შესავალი წერილი და განმარტებანი დაურთო ნანა ტონიამ ; რედაქტორი რისმაგ გორდეზიანი ; დიზაინი ალეკო ჯიქურიძის. |
||
| 264 |
_aთბილისი : _bლოგოსი, _c2017. |
||
| 300 |
_a192 გვ. ; _c18 სმ. |
||
| 490 | _aპროგრამა ”ლოგოსი: პუბლიკაციები და ღონისძიებები კლასიკური ფილოლოგიის, ბიზანტინისტიკისა და ნეოგრეცისტიკის სფეროში | ||
| 500 | _aგამოცემა განხორციელდა ქართული წიგნის ეროვნული ცენტრის და საქართველოს კულტურისა და ძეგლთა დაცვის სამინისტროს მხარდაჭერით | ||
| 501 | _a დამატებითი სატიტულო გვერდი ბერძნულ ენაზე | ||
| 501 | _aგანმარტებანი გვ. : 186-191 | ||
| 541 | _h6ლ.90თ. | ||
| 653 | _aბერძნული ლიტერატურა | ||
| 653 | _aფილოქტეტესი = Φιλοκτήτης : [ტრაგედია] | ||
| 700 |
_aგორდეზიანი, რისმაგ _eრედაქტორი _93462 |
||
| 700 |
_aტონია, ნანა _eმთარგმნელი _915461 |
||
| 700 |
_4ჯიქურიძე, ალეკო _eდიზაინერი _915462 |
||
| 710 |
_aივანე ჯავახიშვილის სახელობის თბილისის სახელმწიფო უნივერსიტეტი _bკლასიკური ფილოლოგიის, ბიზანტინისტიკისა და ნეოგრეცისტიკის ინსტიტუტი _913867 |
||
| 942 |
_cBK _2udc |
||